| 000 | 00756nam a2200169 a 4500 | ||
|---|---|---|---|
| 008 | 121019s1995 ||||||||||||||||| || u | ||
| 050 | _aPAPERS/STAFF/SIZIYA | ||
| 100 | _aSiziya, Seter | ||
| 245 | 1 | 0 |
_aHaemolytic uraemic syndrome following shigella dysenteriae type 1 outbreak in Zimbabwe: a clinical experience _cby Seter Siziya; [and others] |
| 260 |
_aLusaka: _bUniversity of Zambia, School of Medicine _c1995 |
||
| 300 | _ap. 267 - p. 274: ill. | ||
| 490 | _aCentral African Journal of Medicine | ||
| 490 | _vVol. 41, No. 9 | ||
| 500 | _aBibliography | ||
| 650 | _aDISEASES--OUTBREAKS--ZIMBABWE | ||
| 995 |
_aSPECIAL COLLECTIONS _e288 _FCBU-SCHOOL OF MEDICINE LIBRARY (Ndola) _jPAPERS/STAFF/SIZIYA _M1 _UAVAILABLE _WNov 26, 2012 _yB288 _ZZambiana Collection |
||
| 999 |
_c31597 _d31597 |
||